Journal of Cognition and Culture.

محفوظ في:

التنسيق: دورية

اللغة: Undetermined

الموضوعات:

الوصول للمادة أونلاين: Login to view Source

الوسوم: إضافة وسم

لا توجد وسوم, كن أول من يضع وسما على هذه التسجيلة!

رقم الطلب:

LEADER 00535nms a2200181Ia 4500
005 20240402054302.0
008 240131s9999||||xx |||||||||||||||||und||
999 |c 56466  |d 56466 
022 |a 1567-7095 
022 |a 1568-5373 
245 0 0 |a Journal of Cognition and Culture. 
336 |2 rdacontent  |a text  |b txt 
337 |2 rdamedia  |a unmediated  |b n 
338 |2 rdacarrier  |a volume  |b n 
500 |a BRILLBRILLJ 
650 4 |a Cognition & cognitive psychology. 
856 |z JOCC  |u https://brill.com/view/journals/jocc/jocc-overview.xml 
942 |2 lcc  |c EJL